| 000 | 00556 a2200193 4500 | ||
|---|---|---|---|
| 005 | 20260412105721.0 | ||
| 008 | 260410b |||||||| |||| 00| 0 eng d | ||
| 020 |
_a9788121901468 _cRs. 425.00 |
||
| 040 | _aMAIN | ||
| 082 |
_a620.11 _bK529M(5) |
||
| 100 | _aKhurmi, R S | ||
| 245 | _aMaterials science: Textbook for students of B.E./B.Tech. students of different technical universities and for A.M.I.E courses | ||
| 250 | _a5th | ||
| 260 |
_bS Chand _c2025 _aNoida |
||
| 300 | _a367 | ||
| 650 | _aEngineering | ||
| 700 | _aSedha, R S | ||
| 942 | _cBK | ||
| 999 |
_c397120 _d397120 |
||